| 000 | 00951nam a2200229Ia 4500 | ||
|---|---|---|---|
| 003 | Ost | ||
| 005 | 20260507075029.0 | ||
| 008 | 260507s9999||||xx |||||||||||||| ||und|| | ||
| 040 | _cfsecg | ||
| 041 | _aara | ||
| 082 | _a330 | ||
| 100 |
_aموسى، طالب حسن _eمؤلف |
||
| 245 | 0 |
_aالموجز في قانون التجارة الدولية / _c طالب حسن موسى |
|
| 260 |
_aعمان: _bالدار العلمية الدولية, _c2001 |
||
| 300 |
_a332 صفحة؛ _bإيضاحات ؛ _c24 سم |
||
| 490 |
_aالمكتبة القانونية _v278 |
||
| 520 | _aالتعريف بقانون التجارة الدولية، اتفاقية الأمم المتحدة بشأن البيع الدولي للبضائع، التعريف بالتحكيم التجاري | ||
| 653 | _aالتجارة الدولية | ||
| 653 | _aالتحكيم التجاري | ||
| 653 | _aقانون الدولي التجاري | ||
| 942 | _cكتاب | ||
| 999 |
_c42368 _d42368 |
||